Statistics for Least Guessed General Knowledge #2

Click here to take the quiz!

General Stats

  • This quiz has been taken 41 times
  • The average score is 11 of 20

Answer Stats

HintAnswer% Correct
What country was formerly known as Formosa?Taiwan
74%
What does the harp represent on the coat of arms of Queen Elizabeth II?Ireland
68%
What does NIMBY stand for?Not In My Back Yard
68%
If I sail on the Neva river past the Hermitage Museum, what city am I in?St. Petersburg
66%
In what country did the Romani ethnic group originate?India
61%
Beijing means "northern capital" in Chinese. What city's name means "southern capital"?Nanjing
61%
What is the most common phobia in the United States, according to the NIMH?Fear Of Public Speaking
58%
What comes in like a lion and out like a lamb?March
58%
What plant is linen made from?Flax
55%
What is sold at Lloyd's of London?Insurance
55%
What is the Islamic equivalent to the Red Cross?Red Crescent
55%
What is emmental cheese more commonly known as in the United States?Swiss Cheese
55%
What is the name of Vietnamese New Year celebration?Tet
55%
A modern round brilliant cut has 58 of these. What are they?Facets
53%
What magazine is Alfred E. Neuman the mascot of?Mad
53%
Who sculpted "The Burghers of Calais"?Auguste Rodin
47%
What Scottish Highlands Competition could be described as "log throwing"?Caber toss
47%
What company sells "Obsession" perfume?Calvin Klein
45%
What is the only 6 letter word that ends in mt?Dreamt
45%
What is pulchritude?Beauty
24%

Score Distribution

Percentile by Number Answered

Percent of People with Each Score

Your Score History

You have not taken this quiz